Statistics for Every NFL Player with back-to-back MVP awards

Click here to take the quiz!

General Stats

  • This quiz has been taken 61 times
  • The average score is 4 of 5

Answer Stats

YearsPos.Player% Correct
2020, 2021QBAaron Rodgers
100%
2003, 2004/2008, 2009QBPeyton Manning
89%
1995, 1996, 1997QBBrett Favre
88%
1957, 1958RBJim Brown
79%
1988, 1989QBJoe Montana
79%

Score Distribution

Percentile by Number Answered

Percent of People with Each Score

Your Score History

You have not taken this quiz